| 000 | 00554nam a22001217a 4500 | ||
|---|---|---|---|
| 040 | _cRUA | ||
| 082 | _aLMA SEN 2025 B701 Or.1 | ||
| 100 | _aSENG CHENGSIM, សេង ចេងស៊ីម | ||
| 245 | _aStudy about land transaction in bore cholsar district takeo province, ការសិក្សាអំពីការផ្ទេរកម្មសិទ្ធកាន់កាប់នៅស្រុកបូរីជលសារ ខេត្តតាកែវ | ||
| 260 |
_aPHNOM PENH _bRUA _c2025 |
||
| 300 |
_axiii,37p. _bill. _c29cm. |
||
| 942 | _cLMA | ||
| 999 |
_c25759 _d25759 |
||